SAVAŞTA BİR YAZAR VASİLİ GROSSMAN KIZIL ORDUYLA 1941-1945 (Kayıt no. 715868)

MARC ayrıntıları
000 -LEADER
sabit uzunluktaki kontrol alanı 00286nam a2200097Ia 4500
001 - KONTROL NUMARASI
kontrol alanı 715868
005 - EN SON İŞLEMİN TARİH VE ZAMANI
kontrol alanı 20250826162933.0
008 - SABİT-UZUNLUKTA VERİ ÖĞELERİ--GENEL BİLGİ
sabit uzunluktaki kontrol alanı 250824s9999 xx 000 0 und d
245 #0 - ESER / YAZAR
ESER ADI SAVAŞTA BİR YAZAR VASİLİ GROSSMAN KIZIL ORDUYLA 1941-1945
Yazar Adı VASİLİ GROSSMAN
260 ## - YAYIN, DAĞITIM, VB.
YAYIN EVİ CAN YAYINLARI
Mevcut
Düşüm durumu Kayıp durumu Hasar Durumu Ödünç verilmez Ana kütüphane Geçerli Kütüphane Edinilen tarih Toplam ödünç verme sayısı Barkod Son görüntüleme tarihi Fiyatın geçerli olmaya başladığı tarih Koha materyal türü
        OSMAN NURİ HEKİMOĞLU ANADOLU LİSESİ OSMAN NURİ HEKİMOĞLU ANADOLU LİSESİ 24.08.2025   10331949 26.08.2025 26.08.2025 Kitaplar
Gemini Bilgi Teknolojileri A.Ş. tarafından düzenlenmiştir.